000 00676nam a2200229Ia 4500
003 OSt
005 20221007070913.0
006 a|||||r|||| 00| 0
007 ta
008 221006b |||||||| |||| 00| 0 eng d
024 _a46,294
037 _cTextual
040 _aFLL
_cFLL
_beng
041 _2eng
_aeng
082 _aV44Q7:24.N9
100 _aHUSAIN Ishrat Au.
_9687923
245 0 _aGoverninig the ungovernable
_b Institutional reforms for democratic governance
260 _aKarachi
_bOxford University Press Pakistan
_c2018
300 _a550p. xvii
_ccm.
942 _hV44Q7:24.N9
_cTEXL
_2CC
999 _c1141851
_d1141851